[Event "3rd DC International"]
[Site "Arlington, VA"]
[Date "2015.06.27"]
[Round "5"]
[White "Bachmann, Axel"]
[Black "Gorti, Akshita"]
[Result "1-0"]
[WhiteElo "2626"]
[BlackElo "2324"]
[PlyCount "75"]
[EventDate "2015.06.??"]
[EventType "swiss"]
[EventRounds "9"]
[EventCountry "USA"]

1. g3 Nf6 2. Bg2 d5 3. Nf3 Bg4 4. c4 c6 5. Ne5 Be6 6. cxd5 Bxd5 7. Nf3 c5 8.
Nc3 Bc6 9. O-O e6 10. d3 Be7 11. e4 Nbd7 12. Qe2 O-O 13. d4 cxd4 14. Nxd4 Bc5
15. Nxc6 bxc6 16. Na4 Bd4 17. Be3 Bxe3 18. Qxe3 Qa5 19. b3 Rfd8 20. Rac1 Rac8
21. Rc2 Rc7 22. Rd1 Rdc8 23. Bf1 Qe5 24. f3 h5 25. Be2 h4 26. Kg2 Qa5 27. Rcd2
Qe5 28. f4 Qa5 29. g4 Nf8 30. Nc5 Qb6 31. Qf2 Qb4 32. Bf3 Qb6 33. g5 Ne8 34.
Rc2 Ng6 35. Bh5 Ne7 36. Qxh4 g6 37. Bg4 a5 38. Nxe6 1-0

[Event "3rd DC International"]
[Site "Arlington, VA"]
[Date "2015.06.27"]
[Round "5"]
[White "Velikanov, Alexander"]
[Black "Debs, Felipe"]
[Result "1-0"]
[WhiteElo "2292"]
[BlackElo "2515"]
[PlyCount "117"]
[EventDate "2015.06.??"]
[EventType "swiss"]
[EventRounds "9"]
[EventCountry "USA"]

1. d4 d5 2. c4 c6 3. Nf3 Nf6 4. Qc2 g6 5. Bf4 Bg7 6. e3 O-O 7. Nc3 Qa5 8. Rd1
Bf5 9. Qb3 Qb6 10. Qa3 a5 11. cxd5 Nxd5 12. Nxd5 cxd5 13. Bd3 Bg4 14. Qxe7 Qxb2
15. Rb1 Qc3+ 16. Ke2 Nc6 17. Qc5 Qxc5 18. dxc5 Nb4 19. Rb3 Rfc8 20. Bd6 Nxa2
21. Rxb7 a4 22. Kd2 Bxf3 23. gxf3 Nc3 24. e4 dxe4 25. Bc4 exf3 26. Re1 Kh8 27.
Rxf7 Re8 28. Rxg7 Ne4+ 29. Rxe4 Rxe4 30. Bd3 Ree8 31. Re7 Rxe7 32. Bxe7 Kg7 33.
c6 a3 34. Bxa3 Rxa3 35. c7 Ra8 36. Ba6 Rxa6 37. c8=Q Rf6 38. Ke3 Rf8 39. Qb7+
Rf7 40. Qb2+ Kg8 41. Ke4 Rf5 42. Qb8+ Kg7 43. Qc7+ Kg8 44. Qc8+ Rf8 45. Qc4+
Kg7 46. Qc3+ Kg8 47. Ke5 Rf7 48. Ke6 Rf5 49. Qb3 Rf7 50. Qd5 Kg7 51. Qd8 Rf5
52. Qc7+ Kh6 53. Qe7 Rf4 54. Ke5 Rf5+ 55. Ke4 Ra5 56. Qf8+ Kh5 57. Qxf3+ Kh6
58. Qe3+ Kh5 59. Qh3+ 1-0

[Event "3rd DC International"]
[Site "Arlington, VA"]
[Date "2015.06.27"]
[Round "5"]
[White "Bora, Safal"]
[Black "Wheeler, Cameron"]
[Result "0-1"]
[WhiteElo "2406"]
[BlackElo "2299"]
[PlyCount "136"]
[EventDate "2015.06.??"]
[EventType "swiss"]
[EventRounds "9"]
[EventCountry "USA"]

1. Nf3 g6 2. e4 c5 3. d4 cxd4 4. Qxd4 Nf6 5. Nc3 Nc6 6. Qa4 d6 7. e5 Nd7 8.
exd6 Nc5 9. Qb5 exd6 10. Be3 Bd7 11. O-O-O Be7 12. Nd5 a6 13. Qe2 Be6 14. Bf4
Bxd5 15. Rxd5 O-O 16. Qd2 Ne4 17. Qe3 Nf6 18. Rd1 b5 19. Nd4 Rc8 20. Nxc6 Rxc6
21. Qf3 Rc7 22. Bd3 Nh5 23. Bd2 Bg5 24. g4 Bxd2+ 25. Rxd2 Qf6 26. Qxf6 Nxf6 27.
g5 Nd7 28. Be4 Nc5 29. Bg2 Ne6 30. h4 Rfc8 31. Be4 Nc5 32. Bd5 b4 33. Re1 Kf8
34. Bc4 a5 35. b3 Re7 36. Rxe7 Kxe7 37. Re2+ Kf8 38. Rd2 Ke7 39. Bd5 Nd7 40.
Kb2 Nb6 41. Bg2 Rc5 42. Rd4 Rf5 43. f4 Rc5 44. Be4 d5 45. Bd3 Kd6 46. f5 Ke5
47. fxg6 hxg6 48. Rg4 Rc8 49. Rg1 a4 50. Rg4 a3+ 51. Kc1 d4 52. Re4+ Kd5 53.
Kd2 Kc5 54. Re5+ Kd6 55. Rb5 Nd5 56. Bc4 Nc3 57. Rxb4 Nxa2 58. Ra4 Nc3 59. Ra6+
Kc5 60. Kc1 Na2+ 61. Kd2 Nc3 62. Kc1 Re8 63. Kd2 a2 64. Bxf7 Re2+ 65. Kd3 Re1
66. b4+ Kxb4 67. Kxd4 Nb5+ 68. Kd5 Nc7+ 0-1

[Event "3rd DC International"]
[Site "Arlington, VA"]
[Date "2015.06.27"]
[Round "5"]
[White "Mulyar, Michael"]
[Black "Pressman, Leif"]
[Result "1-0"]
[WhiteElo "2392"]
[BlackElo "2265"]
[PlyCount "95"]
[EventDate "2015.06.??"]
[EventType "swiss"]
[EventRounds "9"]
[EventCountry "USA"]

1. d4 d5 2. Nf3 Nf6 3. c4 c6 4. Nc3 dxc4 5. a4 Bf5 6. e3 e6 7. Bxc4 Bb4 8. O-O
Nbd7 9. Qe2 O-O 10. e4 Bg6 11. Bd3 Bh5 12. e5 Nd5 13. Nxd5 cxd5 14. Qe3 Be7 15.
Ng5 Bxg5 16. Qxg5 Qxg5 17. Bxg5 a6 18. Rfc1 Rac8 19. a5 Nb8 20. Be7 Rfe8 21.
Bc5 Bg6 22. Be2 Nd7 23. b4 Nxc5 24. bxc5 Rc6 25. Rc3 f6 26. f4 Re7 27. Rb3 fxe5
28. fxe5 Rcc7 29. Rb6 Be8 30. Rd6 Bd7 31. Rb1 Kf7 32. h4 Kg6 33. Bg4 Kf7 34.
Rf1+ Ke8 35. Bh5+ g6 36. Bg4 Rc6 37. Rb1 Rc7 38. Kh2 Bc8 39. Kg3 Rc6 40. Rxc6
bxc6 41. Rb6 Rb7 42. Rxb7 Bxb7 43. Bxe6 Ke7 44. Bg4 h6 45. Kf4 Ke8 46. h5 g5+
47. Kf5 Bc8+ 48. e6 1-0

[Event "3rd DC International"]
[Site "Arlington, VA"]
[Date "2015.06.27"]
[Round "5"]
[White "Yang, Darwin"]
[Black "Carreto, Giovanni"]
[Result "1-0"]
[WhiteElo "2484"]
[BlackElo "2208"]
[PlyCount "89"]
[EventDate "2015.06.??"]
[EventType "swiss"]
[EventRounds "9"]
[EventCountry "USA"]

1. c4 e5 2. g3 Nc6 3. Bg2 f5 4. Nc3 Nf6 5. d3 Bb4 6. Bd2 O-O 7. a3 Bxc3 8. Bxc3
d6 9. b4 Qe8 10. b5 Nd8 11. Nf3 Nf7 12. Nd2 Rb8 13. a4 Bd7 14. Nb3 c5 15. Qd2
Qe7 16. O-O h5 17. f4 h4 18. e4 fxe4 19. dxe4 hxg3 20. hxg3 Rbd8 21. f5 Nh6 22.
Bf3 Be8 23. Qg5 Kf7 24. Rad1 Rh8 25. Kg2 Kf8 26. Rh1 Bf7 27. Nd2 Bg8 28. Be2
Ke8 29. Rh4 Kd7 30. Rdh1 Kc8 31. Qe3 Rh7 32. g4 Nf7 33. g5 Rxh4 34. Rxh4 Ne8
35. Nf3 Kb8 36. Bd2 Rc8 37. g6 Nd8 38. Rh8 Qf8 39. Ng5 Nc7 40. Qd3 b6 41. a5
Nb7 42. a6 Na5 43. Nf7 Ne8 44. Qd5 Rc7 45. Nxd6 1-0

[Event "3rd DC International"]
[Site "Arlington, VA"]
[Date "2015.06.27"]
[Round "5"]
[White "Onabogun, Kolade"]
[Black "Vibbert, Sean"]
[Result "0-1"]
[WhiteElo "2142"]
[BlackElo "2360"]
[PlyCount "91"]
[EventDate "2015.06.??"]
[EventType "swiss"]
[EventRounds "9"]
[EventCountry "USA"]

1. e4 c5 2. Nf3 e6 3. d4 cxd4 4. Nxd4 Nc6 5. Nc3 Qc7 6. g3 a6 7. Bg2 d6 8. O-O
Bd7 9. a4 Be7 10. Nde2 Nf6 11. h3 O-O 12. Be3 Rab8 13. g4 Rfc8 14. Nd4 Ne5 15.
g5 Ne8 16. f4 Nc4 17. Bc1 b5 18. axb5 axb5 19. Qf3 Qb6 20. Nce2 f6 21. Kh1 fxg5
22. b3 gxf4 23. bxc4 e5 24. Nxb5 Rxc4 25. Nbc3 Nf6 26. Rb1 Qc7 27. Rxb8+ Qxb8
28. Qd3 Qc8 29. Ba3 Rc6 30. Rb1 Be6 31. Rb2 Bc4 32. Qf3 g5 33. Na4 Be6 34. Rb6
Rxb6 35. Nxb6 Qxc2 36. Nd5 Bxd5 37. exd5 e4 38. Qc3 Qxe2 39. Qc8+ Kg7 40. Qc7
Qe1+ 41. Kh2 Qg3+ 42. Kh1 Nxd5 43. Bb2+ Kh6 44. Qc8 f3 45. Bf1 Qf2 46. Qe6+ 0-1

[Event "3rd DC International"]
[Site "Arlington, VA"]
[Date "2015.06.27"]
[Round "5"]
[White "Zheng, Andrew"]
[Black "Katz, Alexander"]
[Result "1/2-1/2"]
[WhiteElo "2113"]
[BlackElo "2320"]
[PlyCount "80"]
[EventDate "2015.06.??"]
[EventType "swiss"]
[EventRounds "9"]
[EventCountry "USA"]

1. e4 d6 2. d4 Nf6 3. Nc3 g6 4. Be3 c6 5. f3 b5 6. Qd2 Nbd7 7. Nge2 Nb6 8. Ng1
Rb8 9. Bd3 Nc4 10. Bxc4 bxc4 11. b3 Nd7 12. Nge2 Bg7 13. Rd1 O-O 14. O-O a5 15.
Na4 Ba6 16. Rfe1 Qc7 17. Nb2 c5 18. Nxc4 Bxc4 19. bxc4 cxd4 20. Bxd4 Bxd4+ 21.
Nxd4 Rb4 22. Qg5 Re8 23. Nf5 Qc5+ 24. Kh1 e6 25. Rxd6 exf5 26. Rxd7 Qxc4 27.
Rd8 Qe6 28. e5 Rb8 29. Rxe8+ Rxe8 30. a3 f6 31. Qd2 fxe5 32. Qxa5 e4 33. fxe4
fxe4 34. Qa4 e3 35. Qb3 Qxb3 36. cxb3 e2 37. Kg1 Re3 38. a4 Rxb3 39. Rxe2 Ra3
40. Re4 Kf7 1/2-1/2

[Event "3rd DC International"]
[Site "Arlington, VA"]
[Date "2015.06.27"]
[Round "5"]
[White "Denton, Bradley"]
[Black "Yuvarajan, Prathiba"]
[Result "1/2-1/2"]
[WhiteElo "2318"]
[BlackElo "2178"]
[PlyCount "114"]
[EventDate "2015.06.??"]
[EventType "swiss"]
[EventRounds "9"]
[EventCountry "USA"]

1. d4 e6 2. c4 f5 3. g3 d5 4. Bg2 c6 5. Nf3 Nf6 6. O-O Bd6 7. Nc3 O-O 8. Qc2 b6
9. cxd5 exd5 10. Bf4 Bxf4 11. gxf4 Qd6 12. e3 Be6 13. Ne2 Ne4 14. Ne5 Rc8 15.
Rac1 Nd7 16. Rfd1 c5 17. Nxd7 Qxd7 18. Nc3 Qf7 19. Qe2 Rc6 20. dxc5 bxc5 21.
Rc2 Rac8 22. Rdc1 Qd7 23. Qb5 a6 24. Qe2 Bf7 25. Rd1 Rd6 26. Bh3 Rg6+ 27. Kh1
Be6 28. Bg2 Qc6 29. Nxe4 fxe4 30. f3 Bf5 31. Rcd2 Rxg2 32. Qxg2 exf3 33. Qg5
Be4 34. Kg1 h6 35. Qg4 Rf8 36. Kf2 Rf6 37. Rg1 Rg6 38. Qh4 Rg2+ 39. Rxg2 fxg2
40. Kg1 Qb5 41. Qe1 Qc4 42. Rf2 Qd3 43. Rd2 Qc4 44. Rf2 g6 45. a3 a5 46. h3 a4
47. Qc3 Qxc3 48. bxc3 Kf7 49. Rb2 Ke6 50. Rb5 c4 51. Kf2 Kf5 52. Rb8 Bf3 53.
Re8 g5 54. fxg5 hxg5 55. Re7 Be4 56. Re8 Bf3 57. Re7 Be4 1/2-1/2

[Event "3rd DC International"]
[Site "Arlington, VA"]
[Date "2015.06.27"]
[Round "5"]
[White "Colas, Joshua"]
[Black "Pagan, Jonathan"]
[Result "1/2-1/2"]
[WhiteElo "2241"]
[BlackElo "2076"]
[PlyCount "84"]
[EventDate "2015.06.??"]
[EventType "swiss"]
[EventRounds "9"]
[EventCountry "USA"]

1. d4 d5 2. Nf3 Nf6 3. Bf4 c5 4. e3 Nc6 5. c3 Qb6 6. Qb3 c4 7. Qc2 Bf5 8. Qc1
e6 9. h3 Qd8 10. Nbd2 Bd6 11. Bxd6 Qxd6 12. Be2 O-O 13. O-O b5 14. Nh4 Rfc8 15.
g4 Bg6 16. Nxg6 hxg6 17. f4 Rab8 18. g5 Nd7 19. Kg2 b4 20. h4 Rb7 21. Rh1 bxc3
22. bxc3 Rcb8 23. h5 Rb2 24. h6 Nxd4 25. cxd4 Qb4 26. Nxc4 dxc4 27. Kf3 Qb7+
28. e4 f5 29. Qe3 fxe4+ 30. Kg3 Qd5 31. hxg7 R8b3 32. axb3 Rxb3 33. Qxb3 cxb3
34. Rxa7 Qxd4 35. Ra8+ Kxg7 36. Rd1 Qe3+ 37. Kh4 Qf2+ 38. Kh3 Qe3+ 39. Kh4
Qxf4+ 40. Kh3 Qe3+ 41. Kh4 Qf2+ 42. Kh3 Qe3+ 1/2-1/2

[Event "3rd DC International"]
[Site "Arlington, VA"]
[Date "2015.06.27"]
[Round "5"]
[White "De Fotis, Gary"]
[Black "Boas, Toby"]
[Result "1/2-1/2"]
[WhiteElo "1957"]
[BlackElo "2218"]
[PlyCount "149"]
[EventDate "2015.06.??"]
[EventType "swiss"]
[EventRounds "9"]
[EventCountry "USA"]

1. d4 Nf6 2. c4 c5 3. Nf3 cxd4 4. Nxd4 e6 5. Nc3 Nc6 6. g3 d6 7. Bg2 Bd7 8. O-O
a6 9. b3 Be7 10. Bb2 O-O 11. Rc1 Qa5 12. Qd2 Nxd4 13. Qxd4 Bc6 14. Rfd1 Rac8
15. e4 b5 16. cxb5 axb5 17. b4 Qa8 18. a3 Rfd8 19. Rd2 Bf8 20. Rcd1 Nd7 21. f4
Qb7 22. Bf1 Nb6 23. Re1 d5 24. e5 Nc4 25. Rf2 Ra8 26. Nb1 Qa7 27. Qxa7 Rxa7 28.
Bd4 Raa8 29. Rc1 Be8 30. Rf3 Be7 31. Bh3 Ra6 32. Re1 Rc8 33. Rc1 Rcc6 34. Rd1
f6 35. exf6 gxf6 36. Re1 Bf7 37. Kf2 Nd6 38. Kg1 Ne4 39. Rfe3 Rc4 40. Bb2 Rc2
41. R3e2 Rac6 42. Kf1 Rxe2 43. Rxe2 Bh5 44. g4 Bg6 45. Bg2 Bd6 46. Bxe4 Bxe4
47. Re1 Rc2 48. Bxf6 Bxf4 49. Nc3 Bd2 50. Nxe4 Bxe1 51. Nd6 Bc3 52. Bxc3 Rxc3
53. Nxb5 Rc2 54. Nd4 Rxh2 55. Nxe6 Ra2 56. Nc7 d4 57. Nb5 d3 58. Ke1 Kg7 59.
Nc3 Rxa3 60. Kd2 Rb3 61. b5 Kg6 62. Kxd3 Kg5 63. Kc4 Rb2 64. Ne4+ Kf4 65. Nf6
h6 66. Kc5 Rc2+ 67. Kd6 Rc8 68. b6 Rh8 69. b7 Kg5 70. Ne4+ Kxg4 71. Kc7 Kf4 72.
Nf6 Kf5 73. Nh5 Kg5 74. Ng3 Kg4 75. Ne4 1/2-1/2

[Event "3rd DC International"]
[Site "Arlington, VA"]
[Date "2015.06.27"]
[Round "5"]
[White "Helfst, Matt"]
[Black "Altman, Joshua"]
[Result "1-0"]
[WhiteElo "1941"]
[BlackElo "1800"]
[PlyCount "143"]
[EventDate "2015.06.??"]
[EventType "swiss"]
[EventRounds "9"]
[EventCountry "USA"]

1. Nf3 Nf6 2. c4 g6 3. g3 Bg7 4. Bg2 O-O 5. O-O e6 6. d4 Qe7 7. Nc3 d5 8. Qd3
Rd8 9. Bf4 b6 10. Nb5 Na6 11. cxd5 exd5 12. Rac1 c5 13. dxc5 bxc5 14. Be3 Bb7
15. Qa3 Ne4 16. Rfd1 Re8 17. Nd2 Nxd2 18. Bxd2 Qd7 19. Nc3 d4 20. Qa4 Qxa4 21.
Nxa4 Bxg2 22. Kxg2 Rxe2 23. Nxc5 Nxc5 24. Rxc5 d3 25. Rd5 Bxb2 26. Rxd3 Bg7 27.
Rd7 h5 28. Rb1 Rc8 29. Kf1 Rce8 30. Rbb7 Bf8 31. Be3 Rxa2 32. Rxf7 a5 33. Rh7
Ra4 34. Bg5 Re6 35. Rhd7 Rae4 36. Ra7 a4 37. Rd8 Re8 38. Rxe8 Rxe8 39. Rxa4 Kf7
40. Rf4+ Kg7 41. Kg2 Bd6 42. Rd4 Be5 43. Re4 Kf7 44. Kf3 Re6 45. Rb4 Re8 46.
Rb7+ Ke6 47. Ke4 Bd6 48. Rg7 Bb8 49. h4 Bd6 50. Kd3 Kf5 51. Rf7+ Kg4 52. Rf6
Bc5 53. Rxg6 Kf3 54. Rf6+ Kg2 55. f4 Kxg3 56. Rc6 Bf2 57. f5 Rf8 58. f6 Kg4 59.
Rc4+ Kh3 60. Re4 Bc5 61. Kc4 Bb6 62. Kd5 Bd8 63. Ke6 Re8+ 64. Kf5 Rxe4 65. Kxe4
Ba5 66. Kf5 Bb4 67. f7 Bf8 68. Bf6 Bd6 69. Kg5 Bf8 70. Kxh5 Bd6 71. Kg6 Bf8 72.
h5 1-0

[Event "3rd DC International"]
[Site "Arlington, VA"]
[Date "2015.06.28"]
[Round "6.3"]
[White "Shen, Arthur"]
[Black "Mcshane, Luke"]
[Result "0-1"]
[WhiteElo "2339"]
[BlackElo "2685"]
[PlyCount "46"]
[EventDate "2015.06.??"]
[EventType "swiss"]
[EventRounds "9"]
[EventCountry "USA"]
[WhiteClock "0:57:02"]
[BlackClock "0:41:37"]

1. e4 e5 2. Nf3 Nc6 3. Bc4 Bc5 4. d3 Nf6 5. O-O d6 6. c3 a6 7. Bb3 Ba7 8. Re1
h6 9. h3 g5 10. d4 g4 11. hxg4 Bxg4 12. Bd5 Rg8 13. Bxc6+ bxc6 14. dxe5 Bxf3
15. Qxf3 Ng4 16. Rf1 Nxe5 17. Qh3 Qd7 18. Qxd7+ Kxd7 19. Nd2 Rg4 20. Kh2 Rh4+
21. Kg3 Rh5 22. Nf3 Rg8+ 23. Kf4 Nd3# 0-1

[Event "3rd DC International"]
[Site "Arlington, VA"]
[Date "2015.06.28"]
[Round "6.4"]
[White "Zhou, Jianchao"]
[Black "Cao, Jason"]
[Result "1-0"]
[WhiteElo "2597"]
[BlackElo "2332"]
[PlyCount "147"]
[EventDate "2015.06.??"]
[EventType "swiss"]
[EventRounds "9"]
[EventCountry "USA"]
[WhiteClock "0:01:23"]
[BlackClock "0:26:54"]

1. d4 Nf6 2. c4 e6 3. Nc3 Bb4 4. Qc2 O-O 5. a3 Bxc3+ 6. Qxc3 b6 7. Bg5 Bb7 8.
f3 h6 9. Bh4 d5 10. e3 Re8 11. Nh3 Nbd7 12. Rd1 e5 13. dxe5 Rxe5 14. Bg3 Re8
15. Nf4 dxc4 16. Bxc4 Qe7 17. Bf2 Ne5 18. O-O Nxc4 19. Qxc4 c5 20. e4 Rad8 21.
Bg3 Rxd1 22. Rxd1 Rd8 23. Rd3 Rxd3 24. Qxd3 Qd7 25. Kf2 Kf8 26. Ke3 Ke7 27. Qc3
Ba6 28. Bh4 Qd4+ 29. Qxd4 cxd4+ 30. Kxd4 g5 31. e5 gxf4 32. Bxf6+ Ke6 33. Ke4
Bf1 34. Kxf4 Bxg2 35. Kg4 a6 36. f4 Be4 37. Bg7 h5+ 38. Kxh5 Kf5 39. Bh6 a5 40.
Bg5 a4 41. Kh6 Bf3 42. Kg7 Bh5 43. Kf8 Ke6 44. Bd8 b5 45. Bc7 Kd7 46. Bd6 Ke6
47. Ke8 Bg4 48. Kd8 Kf5 49. Ke7 Bh5 50. h3 Bg6 51. Kd7 Bh5 52. Kc6 Be2 53. Kc5
Ke6 54. Kb4 Bf1 55. h4 Be2 56. b3 axb3 57. Kxb3 Kf5 58. Kc3 Bf3 59. Kd4 Bd1 60.
Kc5 Be2 61. Kc6 Ke6 62. h5 Bxh5 63. Kxb5 Kd7 64. a4 Bf3 65. a5 Kc8 66. a6 Be4
67. Kb6 Kd7 68. a7 Bf3 69. Bc5 Be4 70. f5 Bd5 71. e6+ fxe6 72. f6 Ke8 73. Bd6
Kf7 74. Be5 1-0

[Event "3rd DC International"]
[Site "Arlington, VA"]
[Date "2015.06.28"]
[Round "6"]
[White "Li, Ruifeng"]
[Black "Jussupow, Artur"]
[Result "0-1"]
[WhiteElo "2394"]
[BlackElo "2584"]
[PlyCount "140"]
[EventDate "2015.06.??"]
[EventType "swiss"]
[EventRounds "9"]
[EventCountry "USA"]

1. e4 e6 2. d4 d5 3. Nc3 Bb4 4. exd5 exd5 5. Bd3 Nf6 6. Nge2 O-O 7. O-O Bg4 8.
f3 Bh5 9. Nf4 Bg6 10. Nxg6 hxg6 11. Ne2 Nbd7 12. Bg5 Be7 13. Re1 Re8 14. Qd2 c6
15. c3 Nf8 16. Ng3 Qc7 17. Bf4 Bd6 18. Bxd6 Qxd6 19. f4 Ng4 20. f5 gxf5 21.
Bxf5 Qh6 22. Qxh6 Nxh6 23. Bc2 g6 24. h3 f5 25. Nf1 Kg7 26. Nd2 Nf7 27. h4 Nd6
28. Nf3 Nd7 29. g3 Nf6 30. Ne5 Nde4 31. Kg2 Re7 32. Bxe4 dxe4 33. Nc4 Rd8 34.
Rad1 Ng4 35. Ne3 Nxe3+ 36. Rxe3 c5 37. Re2 Red7 38. Red2 cxd4 39. cxd4 g5 40.
hxg5 Kg6 41. d5 Kxg5 42. d6 Kf6 43. Rd5 Ke6 44. Rb5 a6 45. Rb6 Rc8 46. Kf2 Ke5
47. Rd2 Rc1 48. Kg2 Ra1 49. a3 Rb1 50. Rb4 Rc1 51. a4 Rc6 52. g4 Rcxd6 53. Rxd6
Rxd6 54. gxf5 b6 55. Kf2 Kf4 56. Rc4 Kxf5 57. Ke3 Rd3+ 58. Ke2 Rb3 59. a5 Rxb2+
60. Ke3 Rb3+ 61. Ke2 bxa5 62. Rc6 a4 63. Rxa6 a3 64. Ra8 Ke5 65. Rd8 Rh3 66.
Ra8 Kd4 67. Ra4+ Kd5 68. Ra8 a2 69. Kd2 Rh1 70. Ra5+ Kc6 0-1

[Event "3rd DC International"]
[Site "Arlington, VA"]
[Date "2015.06.28"]
[Round "6"]
[White "Maghami, Ehsan"]
[Black "Wang, Qibiao"]
[Result "1-0"]
[WhiteElo "2562"]
[BlackElo "2304"]
[PlyCount "91"]
[EventDate "2015.06.??"]
[EventType "swiss"]
[EventRounds "9"]
[EventCountry "USA"]

1. g3 Nf6 2. Bg2 g6 3. e4 d6 4. d4 Bg7 5. Nc3 O-O 6. Nge2 Nbd7 7. O-O c5 8. h3
Rb8 9. Be3 Qc7 10. a4 a6 11. dxc5 Nxc5 12. a5 b6 13. axb6 Rxb6 14. e5 dxe5 15.
Bxc5 Qxc5 16. Na4 Qc7 17. Nxb6 Qxb6 18. Qd2 h5 19. c4 h4 20. g4 Nxg4 21. hxg4
Bxg4 22. Nc3 h3 23. Nd5 Qd8 24. Qg5 hxg2 25. Kxg2 Bh5 26. Nxe7+ Kh7 27. Rh1
Qa8+ 28. Nd5 Kg8 29. Rxh5 gxh5 30. Ra3 f6 31. Qxh5 Rf7 32. Qf5 Qc6 33. Qe4 Qe6
34. Qg6 Qc6 35. Rb3 Qa8 36. Rb6 a5 37. Kg1 Qd8 38. b3 f5 39. Rc6 f4 40. Qg4 Kh7
41. Re6 Qd7 42. Qg6+ Kh8 43. Rd6 Qc8 44. Qh5+ Kg8 45. Qg5 Kh7 46. Qh4+ 1-0

[Event "3rd DC International"]
[Site "Arlington, VA"]
[Date "2015.06.28"]
[Round "6"]
[White "Bodek, Michael"]
[Black "Gorovets, Andrey"]
[Result "1-0"]
[WhiteElo "2425"]
[BlackElo "2514"]
[PlyCount "89"]
[EventDate "2015.06.??"]
[EventType "swiss"]
[EventRounds "9"]
[EventCountry "USA"]

1. e4 Nf6 2. e5 Nd5 3. d4 d6 4. Nf3 Bg4 5. Be2 c6 6. O-O Bxf3 7. Bxf3 dxe5 8.
dxe5 e6 9. Qe2 Nd7 10. Bxd5 cxd5 11. c4 dxc4 12. Nd2 b5 13. a4 Nb6 14. axb5 Qd5
15. Qf3 Qxf3 16. Nxf3 Bc5 17. Be3 Bxe3 18. fxe3 O-O 19. Ra5 Rfc8 20. Rfa1 Rc5
21. Nd4 Rxe5 22. Rxa7 Rxa7 23. Rxa7 h5 24. Rb7 Nd5 25. Rb8+ Kh7 26. b6 Nxb6 27.
Rxb6 Rxe3 28. Kf2 Rd3 29. Ne2 g5 30. Rb4 Kg6 31. Rxc4 Rb3 32. Rc2 f5 33. Nd4
Rb6 34. b3 Rd6 35. Nc6 Rd1 36. b4 Rb1 37. Ke3 Kf6 38. Kd4 e5+ 39. Kc5 e4 40. b5
e3 41. b6 f4 42. Nb4 Rd1 43. b7 Rd8 44. Nc6 Re8 45. Kd4 1-0

[Event "3rd DC International"]
[Site "Arlington, VA"]
[Date "2015.06.28"]
[Round "6"]
[White "Burke, John"]
[Black "Bachmann, Axel"]
[Result "0-1"]
[WhiteElo "2258"]
[BlackElo "2626"]
[PlyCount "100"]
[EventDate "2015.06.??"]
[EventType "swiss"]
[EventRounds "9"]
[EventCountry "USA"]

1. e4 e5 2. Nf3 Nc6 3. Bb5 a6 4. Ba4 Nf6 5. O-O b5 6. Bb3 Bc5 7. d3 d6 8. c3 h6
9. Nbd2 Bb6 10. Re1 Ne7 11. Nf1 Ng6 12. h3 O-O 13. Ng3 Re8 14. Be3 Bxe3 15.
Rxe3 Bb7 16. Bc2 d5 17. exd5 Nxd5 18. Re1 Ndf4 19. Re3 c5 20. Ne4 Qb6 21. Qf1
f5 22. Ned2 Qf6 23. Rae1 Nd5 24. R3e2 Re7 25. c4 Nb4 26. Bb1 bxc4 27. dxc4 e4
28. Nh2 Nf4 29. Nb3 Nxe2+ 30. Qxe2 Rc8 31. Qd2 Qg5 32. Qxg5 hxg5 33. a3 Nc6 34.
Nxc5 Ne5 35. b4 Nxc4 36. Ba2 Bd5 37. Nxa6 Nb6 38. Bxd5+ Nxd5 39. Nc5 Ra7 40. g4
g6 41. Ne6 Rxa3 42. Nxg5 Nxb4 43. h4 Nd3 44. Rf1 Kg7 45. h5 Ne5 46. Kg2 Kh6 47.
Ne6 Re8 48. Nc7 Rg8 49. hxg6 Rxg6 50. Rh1 Kg7 0-1

[Event "3rd DC International"]
[Site "Arlington, VA"]
[Date "2015.06.28"]
[Round "6"]
[White "Wu, Christopher"]
[Black "Ippolito, Dean"]
[Result "1/2-1/2"]
[WhiteElo "2317"]
[BlackElo "2395"]
[PlyCount "26"]
[EventDate "2015.06.??"]
[EventType "swiss"]
[EventRounds "9"]
[EventCountry "USA"]

1. e4 e5 2. Nf3 Nf6 3. d4 Nxe4 4. Bd3 Nc6 5. O-O d5 6. dxe5 Bg4 7. Bf4 Be7 8.
h3 Bh5 9. Nc3 Nxc3 10. bxc3 Qd7 11. Rb1 Nd8 12. Bh2 c6 13. c4 O-O 1/2-1/2

[Event "3rd DC International"]
[Site "Arlington, VA"]
[Date "2015.06.28"]
[Round "6"]
[White "Wheeler, Cameron"]
[Black "Mulyar, Michael"]
[Result "1-0"]
[WhiteElo "2299"]
[BlackElo "2392"]
[PlyCount "83"]
[EventDate "2015.06.??"]
[EventType "swiss"]
[EventRounds "9"]
[EventCountry "USA"]

1. d4 d5 2. c4 c6 3. Nf3 Nf6 4. Qc2 dxc4 5. Qxc4 Bg4 6. Ne5 Be6 7. Qd3 Nbd7 8.
Nf3 Qa5+ 9. Bd2 Qf5 10. e3 Ne4 11. Nc3 Ndf6 12. Be2 g6 13. O-O Nxd2 14. Qxd2
Bg7 15. Ne5 O-O 16. f4 Bc8 17. Rae1 Ne4 18. Nxe4 Qxe4 19. Bf3 Qf5 20. Bg4 Qe4
21. Bf3 Qf5 22. Bg4 Qe4 23. Bd1 Qd5 24. Bb3 Qd6 25. a4 Be6 26. Bxe6 Qxe6 27.
Qb4 b6 28. Rc1 Rfc8 29. e4 f6 30. Rxc6 Rxc6 31. d5 Qd6 32. Nxc6 Qxb4 33. Nxb4
Rd8 34. Rc1 a5 35. Nc6 Rd7 36. Kf2 Kf7 37. Ke3 Bf8 38. Nd4 f5 39. Nf3 Kg8 40.
Rc8 fxe4 41. Kxe4 h6 42. Ne5 1-0

[Event "3rd DC International"]
[Site "Arlington, VA"]
[Date "2015.06.28"]
[Round "6"]
[White "Jayakumar, Adarsh"]
[Black "Yang, Darwin"]
[Result "1-0"]
[WhiteElo "2291"]
[BlackElo "2484"]
[PlyCount "75"]
[EventDate "2015.06.??"]
[EventType "swiss"]
[EventRounds "9"]
[EventCountry "USA"]

1. d4 Nf6 2. c4 e6 3. Nf3 d5 4. g3 Be7 5. Bg2 O-O 6. O-O c6 7. Qc2 Nbd7 8. Nbd2
b6 9. e4 Bb7 10. b3 Rc8 11. Bb2 Qc7 12. Rfe1 Rfd8 13. Rad1 Qb8 14. Qb1 Qa8 15.
Ne5 Nf8 16. Qd3 Bb4 17. a3 Bxd2 18. Rxd2 dxe4 19. Bxe4 c5 20. Bxb7 Qxb7 21. Qe3
Ng6 22. dxc5 bxc5 23. Red1 Rxd2 24. Rxd2 Nxe5 25. Bxe5 Ng4 26. Qg5 f5 27. Bc3
Re8 28. b4 cxb4 29. axb4 Qf7 30. Rd8 Rf8 31. h3 Nf6 32. Bxf6 Qxf6 33. Qxf6 gxf6
34. Rxf8+ Kxf8 35. Kg2 Ke7 36. Kf3 h5 37. Kf4 Kd6 38. f3 1-0

[Event "3rd DC International"]
[Site "Arlington, VA"]
[Date "2015.06.28"]
[Round "6"]
[White "Vibbert, Sean"]
[Black "Rohan, Ahuja"]
[Result "0-1"]
[WhiteElo "2360"]
[BlackElo "2218"]
[PlyCount "114"]
[EventDate "2015.06.??"]
[EventType "swiss"]
[EventRounds "9"]
[EventCountry "USA"]

1. e4 e5 2. Nf3 Nc6 3. Bc4 Bc5 4. O-O Nf6 5. d3 O-O 6. Nbd2 d6 7. c3 Ne7 8. Re1
Ng6 9. Nf1 c6 10. Bb3 Bb6 11. h3 h6 12. d4 Re8 13. Ng3 Be6 14. Bc2 Qc7 15. Be3
Rad8 16. Qc1 Kh7 17. Nf5 Bxf5 18. exf5 Nf8 19. g4 e4 20. Nd2 d5 21. b4 Qd6 22.
Nf1 Bc7 23. Kg2 g6 24. Bxh6 gxf5 25. Bxf8 Rxf8 26. Qg5 fxg4 27. Qf5+ Kg7 28.
Qg5+ Kh7 29. Qf5+ Kh8 30. Ng3 Qf4 31. hxg4 Qxf5 32. Nxf5 Kh7 33. f3 Rde8 34.
fxe4 dxe4 35. g5 Rg8 36. Rh1+ Kg6 37. Nh6 Rh8 38. Raf1 Nd5 39. Rh3 Nf4+ 40.
Rxf4 Bxf4 41. Bb3 Ref8 42. Bc2 f5 43. Bb3 Bxg5 44. Nf7 Rxh3 45. Ne5+ Kg7 46.
Kxh3 Rh8+ 47. Kg2 Bd2 48. Nf7 Rh5 49. Bd1 Rh7 50. Nd6 Kf6 51. Bg4 fxg4 52.
Nxe4+ Kf5 53. Nxd2 Kf4 54. Nb3 g3 55. Kg1 Rh2 56. a4 Rb2 57. Nc5 Kf3 0-1